| 000 | 00686nam a2200229Ia 4500 | ||
|---|---|---|---|
| 008 | 160517s9999 xx 000 0 und d | ||
| 050 | _aTT 870 | ||
| 050 | _b.An535 2016 | ||
| 100 | _aAnatalio, Michaella A. | ||
| 245 | _aAssessment of the Philippine animal welfare society's (PAWS) campaign materials : | ||
| 245 | _bbasis for proposed promotional materials / | ||
| 245 | _cMichaela A. Anatalio. | ||
| 260 | _aLas PiƱas, Philippines : | ||
| 260 | _bSISC, | ||
| 260 | _c2016. | ||
| 300 | _a61 pages : | ||
| 300 | _billustrations ; | ||
| 300 | _c28 cm. | ||
| 500 | _aIncludes bibliographical references and appendices. | ||
| 521 | _aMass Communication | ||
| 942 | _cTH | ||
| 999 |
_c293896 _d293896 |
||